| 000 | 00444nam a22001817a 4500 | ||
|---|---|---|---|
| 003 | MPLRDC | ||
| 005 | 20220104175004.0 | ||
| 008 | 210129b ||||| |||| 00| 0 eng d | ||
| 020 | _a983-878-500-8 | ||
| 082 | _a524.944 PPSB 1994 | ||
| 100 | _a不详 | ||
| 245 |
_aKANDUNGAN SEJARAH MALAYSIA TINGKATAN 5 _c |
||
| 250 | _a第一版 | ||
| 260 |
_a _bPENERBITAN PELANGI _c1994 |
||
| 300 | _b平 | ||
| 650 | _a | ||
| 942 |
_cBK _o524.944 PPSB 1994 |
||
| 999 |
_c60134 _d60124 |
||